| 000 | 00644 a2200181 4500 | ||
|---|---|---|---|
| 020 | _a0887066216 | ||
| 020 | _a9780887066214 | ||
| 082 | 0 | 4 | _a371.1024 |
| 090 |
_c1320 _d1320 |
||
| 100 | 1 | _aSteere, Bob. | |
| 245 | 1 | 0 |
_aBecoming an effective classroom manager : _ba resource for teachers / _cBob Steere. |
| 260 |
_a[S.l.] : _bState Univ of New York Pr, _c1988. |
||
| 300 |
_a215 p. ; _c23 cm. |
||
| 500 | _aPaperback. | ||
| 856 | 4 | 0 |
_3Amazon.com _uhttp://www.amazon.com/exec/obidos/ASIN/0887066216/chopaconline-20 |
| 856 | 4 | 0 |
_3Amazon customer reviews _uhttp://www.chopac.org/cgi-bin/tools/azrev.pl?q=0887066216 |
| 942 |
_aNBS _cBK _k371.1024 STE |
||
| 999 |
_c343842 _d343842 |
||